Souls in dispute : converso identities in Iberia and the Jewish diaspora, 1580-1700

Αποθηκεύτηκε σε:
Λεπτομέρειες βιβλιογραφικής εγγραφής
Κύριος συγγραφέας: Graizbord, David L.
Μορφή: Βιβλίο
Γλώσσα:English
Δημοσίευση: Philadelphia : University of Pennsylvania Press, c2004
Σειρά:Jewish culture and contexts
Θέματα:
Ετικέτες: Προσθήκη ετικέτας
Δεν υπάρχουν, Καταχωρήστε ετικέτα πρώτοι!

MARC

LEADER 00000cam a2200000 i 4500
001 1/2532
008 091217s2004 eng d
020 |a 0-8122-3749-8 (hbk.) 
035 |l 10106051 
040 |a GR-MY-UA  |b gre  |e aacr 
041 0 |a eng 
082 0 |a 946.004924  |2 (22) 
100 1 |a Graizbord, David L. 
245 1 0 |a Souls in dispute :  |b converso identities in Iberia and the Jewish diaspora, 1580-1700 /  |c David L. Graizbord 
260 |a Philadelphia :   |b University of Pennsylvania Press,   |c c2004 
300 |a 261 σ.;  |c 23 εκ. 
490 1 |a Jewish culture and contexts 
504 |a Βιβλιογραφία: σ. [237]-249 
504 |a Ευρετήριο: σ. [251]-261 
650 0 0 |a Marranos  |z Spain. 
650 0 0 |a Jews  |z Spain  |x History  |y 17th century. 
650 0 0 |a Jews  |z Spain  |x History  |y 18th century. 
650 0 0 |a Jews  |z Spain  |x Identity. 
650 0 0 |a Social integration  |z Spain  |x History  |y 17th century. 
650 0 0 |a Social integration  |z Spain  |x History  |y 18th century. 
651 0 |a Spain  |x Ethnic relations. 
830 0 |a Jewish culture and contexts 
852 |a INST  |b LESVOS  |e 20091217  |h 946.004924 GRA  |p 005100045897  |q 005100045897  |t BK  |y 0 
901 |a BIBL1-2009-4 
909 |a Λ  |b 160011 
970 |a ΚΑΡΑ  |b ΓΙΑΣΕΜΗ  |z 2009/12/17